Essential research methods in psychology/ (Record no. 1847964)

MARC details
000 -LEADER
fixed length control field 00854nam a2200277Ia 4500
003 - CONTROL NUMBER IDENTIFIER
control field OSt
005 - DATE AND TIME OF LATEST TRANSACTION
control field 20260410101038.0
008 - FIXED-LENGTH DATA ELEMENTS--GENERAL INFORMATION
fixed length control field 260408b |||||||| |||| 00| 0 eng d
020 ## - INTERNATIONAL STANDARD BOOK NUMBER
International Standard Book Number 978-1-4739-9908-4
037 ## - SOURCE OF ACQUISITION
Stock number Textbook
040 ## - CATALOGING SOURCE
Original cataloging agency FEDL
Language of cataloging eng
Transcribing agency FEDL
041 ## - LANGUAGE CODE
Language code of text/sound track or separate title eng
Source of code eng
084 ## - COLON CLASSIFICATION NUMBER
Classification number 150.72, BAN/R
100 ## - MAIN ENTRY--PERSONAL NAME
Personal name Banyard Philip Ed... [et.al].
9 (RLIN) 1234023
245 #0 - TITLE STATEMENT
Title Essential research methods in psychology/
Statement of responsibility, etc. by Phillip Banyard, ed... [et.al].
260 ## - PUBLICATION, DISTRIBUTION, ETC.
Place of publication, distribution, etc. London
Name of publisher, distributor, etc. Sage
Date of publication, distribution, etc. 2022
300 ## - PHYSICAL DESCRIPTION
Extent xvi, 322p.
365 ## - TRADE PRICE
Price type code GBP
Price amount 34.99
650 ## - SUBJECT ADDED ENTRY--TOPICAL TERM
Topical term or geographic name entry element PSYCHOLOGY
650 ## - SUBJECT ADDED ENTRY--TOPICAL TERM
Topical term or geographic name entry element PSYCHOLOGY- RESEARCH
9 (RLIN) 1234024
700 ## - ADDED ENTRY--PERSONAL NAME
Personal name Belinda Winder, Ed.
9 (RLIN) 783388
700 ## - ADDED ENTRY--PERSONAL NAME
Personal name Christine Norman, Ed
9 (RLIN) 1234025
700 ## - ADDED ENTRY--PERSONAL NAME
Personal name Gayle Dillon, Ed.
9 (RLIN) 1234026
942 ## - ADDED ENTRY ELEMENTS (KOHA)
Koha item type Textbook
Classification part 150.72, BAN/R
Source of classification or shelving scheme Dewey Decimal Classification
Suppress in OPAC No
Holdings
Withdrawn status Lost status Source of classification or shelving scheme Damaged status Not for loan Collection Home library Current library Shelving location Date acquired Total Checkouts Full call number Barcode Date last seen Price effective from Koha item type
    Dewey Decimal Classification     General Department of Education Library Department of Education Library General Stacks 2026-04-02   150.72 BAN/R EL0093705 2026-04-02 2026-04-02 Textbook
Copyright @ Delhi University Library System